Textbook of environmental studies for undergraduate courses/ (Record no. 163379)
[ view plain ]
| 000 -LEADER | |
|---|---|
| fixed length control field | 00928nam a22002417a 4500 |
| 005 - DATE AND TIME OF LATEST TRANSACTION | |
| control field | 20190411170918.0 |
| 008 - FIXED-LENGTH DATA ELEMENTS--GENERAL INFORMATION | |
| fixed length control field | 190411b ||||| |||| 00| 0 eng d |
| 010 ## - LCCN (DPL NO) | |
| LC control number | B-714091 |
| 020 ## - INTERNATIONAL STANDARD BOOK NUMBER | |
| International Standard Book Number | 9788173718625 |
| Terms of availability | 250.00 |
| 035 ## - SYSTEM CONTROL NUMBER | |
| System control number | B-714091 |
| 037 ## - SOURCE OF ACQUISITION | |
| Source of stock number/acquisition | Aksharesh Enterprises/Ven |
| 040 ## - CATALOGING SOURCE | |
| Original cataloging agency | dpl |
| Language of cataloging | en |
| 050 ## - LIBRARY OF CONGRESS CALL NUMBER | |
| DPL Classification number | 333.7 |
| 082 ## - DEWEY DECIMAL CLASSIFICATION NUMBER | |
| Classification number | 333.7 |
| 100 ## - MAIN ENTRY--PERSONAL NAME | |
| Personal name | Bharucha, Erach |
| 245 ## - TITLE STATEMENT | |
| Title | Textbook of environmental studies for undergraduate courses/ |
| Statement of responsibility, etc | by Erach Bharucha |
| 250 ## - EDITION STATEMENT | |
| Edition statement | 2nd ed. |
| 260 ## - PUBLICATION, DISTRIBUTION, ETC. (IMPRINT) | |
| Place of publication, distribution, etc | Hyderabad |
| Name of publisher, distributor, etc | Universities Press(India) |
| Date of publication, distribution, etc | 2017 |
| 270 ## - ADDRESS | |
| Address | 3-6-747,/1A &3-6-754/I, Himayatnagar |
| City | Hyderabad |
| Postal code | 500029 |
| 300 ## - PHYSICAL DESCRIPTION | |
| Extent | xviii,305p |
| Dimensions | 24cm(pbk) |
| 942 ## - ADDED ENTRY ELEMENTS (KOHA) | |
| Source of classification or shelving scheme | Dewey Decimal Classification |
| Item type | English Books |
| Classification part | 333.6 |
| Call number suffix | BHA |
| Withdrawn status | Lost status | Source of classification or shelving scheme | Damaged status | Not for loan | Collection code | Home library | Current library | Date acquired | Source of acquisition | Cost, normal purchase price | Total Checkouts | Full call number | Barcode | Date last seen | Copy number | Cost, replacement price | Koha item type |
|---|---|---|---|---|---|---|---|---|---|---|---|---|---|---|---|---|---|
| Dewey Decimal Classification | Non-fiction | Patel Nagar | Patel Nagar | 11/04/2019 | Aksharesh Enterprises/0009/13/03/2019/DPL/PN/RP/2018-19/1325/12.03.2019/23.03.2019 | 250.00 | 1 | 333.6 BHA | B-714091 | 04/12/2019 | 1 | 250.00 | English Books |
